| 000 | 00800nam a22002777a 4500 | ||
|---|---|---|---|
| 005 | 20190312103712.0 | ||
| 008 | 160505b xxu|||m| |||| 00| 0 spa d | ||
| 020 | _a9789701505175 | ||
| 041 | _aspa | ||
| 082 | _a621.381.5 D695c | ||
| 100 |
_aDorf, Richard _920175 |
||
| 245 | _aCircuitos eléctricos: introducción al análisis y diseño | ||
| 250 | _a3 edición | ||
| 260 | _aMéxico | ||
| 260 | _bAlfaomega | ||
| 260 | _c2000 | ||
| 300 | _a998 páginas | ||
| 505 | _aContiene disco compacto N° 132 | ||
| 650 |
_aCIRCUITOS ELÉCTRICOS _91857 |
||
| 650 |
_aCIRCUITOS RESISTIVOS _91836 |
||
| 650 |
_aAMPLIFICADORES OPERACIONALES _91831 |
||
| 650 |
_aTRANSFORMADA DE LAPLACE _91990 |
||
| 650 |
_aTRANSFORMADA DE FOURIER _92057 |
||
| 650 |
_aCIRCUITOS TRIFÁSICOS _92053 |
||
| 942 | _cBK | ||
| 999 |
_c11005 _d11005 |
||